Tennis - Le top 20 du classement ATP au 1er janvier 2020 - Statistiques

Statistiques générales
  • Ce quiz a été pris 43 fois
  • Le résultat moyen est 17 sur 20
Statistiques - réponses
Rang Joueur Pays Âge Points % Correct
7 Alexander Zverev Allemagne 22 3 345
100%
5 Daniil Medvedev Russie 23 5 705
100%
2 Novak Djokovic Serbie 32 9 145
100%
1 Rafael Nadal Espagne 33 9 985
100%
3 Roger Federer Suisse 38 6 590
100%
6 Stefanos Tsitsipas Grèce 21 5 300
100%
4 Dominic Thiem Autriche 26 5 825
95%
10 Gael Monfils France 33 2 530
95%
11 David Goffin Belgique 29 2 335
90%
16 Stan Wawrinka Suisse 34 2 000
90%
20 Grigor Dimitrov Bulgarie 28 1 747
87%
13 Kei Nishikori Japon 30 2 180
85%
18 Alex de Minaur Australie 20 1 775
82%
19 John Isner États-Unis 34 1 770
72%
12 Fabio Fognini Italie 32 2 290
69%
8 Matteo Berrettini Italie 23 2 870
67%
15 Denis Shapovalov Canada 20 2 050
64%
14 Diego Schwartzman Argentine 27 2 125
64%
17 Karen Khachanov Russie 23 1 840
64%
9 Roberto Bautista Agut Espagne 31 2 540
62%
Aucun quiz correspondant
Distribution des résultats
% des personnes avec chaque résultat
Percentile par nombre de réponses
Votre historique - résultats
Vous n’avez pas pris ce quiz